000 00493nam a2200157 i 4500
001 73722
003 ES-MaACL
005 20230906171914.0
007 t|
008 040910s1970 sp ||||1| spa d
100 1 _aGondra Romero, José María.
_958237
245 1 0 _aRégimen jurídico de las operaciones de carga y descarga en el tráfico marítimo /
_cJosé Mª Gondra Romero.
260 _aMadrid :
_bTecnos,
_c[1970]
300 _a147 p. ;
_c22 cm.
852 _aES-MaACL
_jC-47824
_bR.72620
999 _c73722
_d73722